Normal view
MARC view
Entry Personal Name
001 - CONTROL NUMBER
- control field: 82665
003 - CONTROL NUMBER IDENTIFIER
- control field: OSt
005 - DATE AND TIME OF LATEST TRANSACTION
- control field: 20230403144743.0
008 - FIXED-LENGTH DATA ELEMENTS
- fixed length control field: 230403|| aca||aabn | a|a d
040 ## - CATALOGING SOURCE
- Original cataloging agency: OSt
- Transcribing agency: OSt
100 ## - HEADING--PERSONAL NAME
- Personal name: HARIHARAN (N)
670 ## - SOURCE DATA FOUND
- Source citation: Work cat.: (OSt)157996: HARIHARAN (N)., Income tax law and practice: assessment year 2009-2010., 2009